000 00377nam a2200145Ia 4500
008 230917s9999||||xx |||||||||||||| ||und||
040 _e73777
_aMAIN
041 _aEnglish
082 _a658 C349E
100 _aChakraborty, S K
245 0 _aEthics in management: Vedantic perspectives
260 _aDelhi
_bOxford University Press
_c1995
300 _ax, 294 p.
942 _cBK
999 _c66928
_d66928